[Event "Singher-Montmarquette I"]
[Site "Montreal CAN"]
[Date "2004.03.04"]
[Round "4"]
[White "Poirier, Erik"]
[Black "Bolduc, Steve"]
[Result "1-0"]
[WhiteElo "2029"]
[BlackElo "2293"]
[PlyCount "137"]
[GameId "2160767911191991"]
[EventDate "2004.02.14"]
[EventType "tourn"]
[EventRounds "9"]
[EventCountry "CAN"]

1. d4 f5 2. c4 Nf6 3. g3 g6 4. Bg2 Bg7 5. Nc3 O-O 6. Nf3 d6 7. O-O Nc6 8. d5 Na5 9. Qd3 c5 10. dxc6 Nxc6 11. Rd1 h6 12. a3 Be6 13. Rb1 Ng4 14. b3 g5 15. Nb5 a6 16. Nbd4 Bd7 17. Bb2 Qb6 18. h3 Nxf2 19. Kxf2 e5 20. c5 Qxc5 21. Qc4+ Qxc4 22. bxc4 exd4 23. Nxd4 Ne5 24. Bd5+ Kh8 25. Ne6 Bxe6 26. Bxe6 g4 27. h4 Rad8 28. Bd4 Nc6 29. Bxg7+ Kxg7 30. Rxb7+ Kf6 31. Bd5 Nb8 32. Rh7 Kg6 33. Ra7 Kf6 34. Rb1 Nd7 35. Rbb7 Nc5 36. Rf7+ Rxf7 37. Rxf7+ Ke5 38. Rh7 Rb8 39. Rxh6 Rb2 40. Rh8 Kd4 41. Rf8 Nd3+ 42. Kf1 Rb1+ 43. Kg2 Rb2 44. Re8 Ne5 45. Kf1 Ke3 46. c5 Kd4 47. Be6 dxc5 48. Bxf5 c4 49. h5 c3 50. h6 c2 51. Bxc2 Rxc2 52. h7 Ng6 53. Rg8 Rc7 54. Rxg6 Rxh7 55. Rxa6 Rf7+ 56. Kg2 Ke3 57. Re6+ Kd4 58. Rg6 Ke3 59. Rxg4 Rf2+ 60. Kh3 Rxe2 61. a4 Re1 62. Rf4 Rg1 63. Kh4 Rc1 64. Rb4 Kf3 65. g4 Rc8 66. Kh5 Rh8+ 67. Kg6 Rh4 68. Kf5 Ke3 69. a5 1-0

[Event "Singher-Montmarquette I"]
[Site "Montreal CAN"]
[Date "2004.03.06"]
[Round "5"]
[White "Brassard, Sylvain"]
[Black "Bolduc, Steve"]
[Result "0-1"]
[WhiteElo "1836"]
[BlackElo "2293"]
[PlyCount "38"]
[GameId "2160767911191992"]
[EventDate "2004.02.14"]
[EventType "tourn"]
[EventRounds "9"]
[EventCountry "CAN"]

1. d4 f5 2. Nf3 Nf6 3. c4 g6 4. Nc3 Bg7 5. Bf4 O-O 6. e3 d6 7. Be2 Qe8 8. Qb3 Kh8 9. Nd5 Nxd5 10. cxd5 c6 11. dxc6 bxc6 12. d5 Nd7 13. Ng5 Nc5 14. Qd1 cxd5 15. Qxd5 Bb7 16. Qc4 e5 17. Bg3 f4 18. exf4 exf4 19. Bxf4 Rxf4 0-1

[Event "Singher-Montmarquette I"]
[Site "Montreal CAN"]
[Date "2004.03.14"]
[Round "6"]
[White "Bolduc, Steve"]
[Black "Morin, Louis"]
[Result "1-0"]
[WhiteElo "2293"]
[BlackElo "1967"]
[PlyCount "83"]
[GameId "2160767911191993"]
[EventDate "2004.02.14"]
[EventType "tourn"]
[EventRounds "9"]
[EventCountry "CAN"]

1. d4 d5 2. c4 e6 3. Nc3 c5 4. cxd5 exd5 5. Nf3 Nc6 6. g3 Nf6 7. Bg2 Be7 8. O-O O-O 9. Bg5 Be6 10. Rc1 Ne4 11. Bxe7 Qxe7 12. dxc5 Rad8 13. Nd4 Nxc5 14. Nxc6 bxc6 15. Qd4 Bc8 16. Nxd5 Rxd5 17. Bxd5 Ne6 18. Bxe6 Bxe6 19. b3 Bd5 20. e4 Qxe4 21. Qxe4 Bxe4 22. f3 Bd5 23. Rc5 f5 24. f4 Re8 25. Kf2 Kf7 26. Re1 Be4 27. Rd1 Bd5 28. Rd4 Ke6 29. Ra5 Kd6 30. Rxa7 Kc5 31. Rd2 Rg8 32. Ra5+ Kd6 33. b4 g5 34. b5 Kc7 35. bxc6 Be4 36. fxg5 Kb6 37. Ra3 Rxg5 38. Rc3 f4 39. gxf4 Rg2+ 40. Ke3 Rxd2 41. Kxd2 Bxc6 42. Rxc6+ 1-0

[Event "Singher-Montmarquette I"]
[Site "Montreal CAN"]
[Date "2004.04.24"]
[Round "7"]
[White "Bolduc, Steve"]
[Black "Gravel, Simon M"]
[Result "1-0"]
[WhiteElo "2293"]
[BlackElo "2248"]
[PlyCount "113"]
[GameId "2160767911191994"]
[EventDate "2004.02.14"]
[EventType "tourn"]
[EventRounds "9"]
[EventCountry "CAN"]

1. d4 Nf6 2. c4 g6 3. Nc3 d5 4. Nf3 Bg7 5. Bg5 dxc4 6. e4 O-O 7. Bxc4 c5 8. d5 b5 9. e5 bxc4 10. exf6 exf6 11. Be3 Nd7 12. O-O Rb8 13. Qa4 Rxb2 14. Qxa7 f5 15. Qa3 Qb6 16. Nd1 Qb4 17. Qxb4 Rxb4 18. Rc1 Bb7 19. Nc3 Ra8 20. Rfd1 Ra3 21. Bd2 Rb2 22. Be1 Kf8 23. h4 Ne5 24. Nd2 Ba6 25. Ndb1 Ra5 26. Rd2 Rxd2 27. Bxd2 Nd3 28. Rc2 Bd4 29. Kf1 Nxf2 30. Bh6+ Ke7 31. Rxf2 Bxf2 32. Kxf2 Bb7 33. Bf4 Ra8 34. Bc7 f6 35. a4 Rc8 36. d6+ Kd7 37. Na3 Ba6 38. Nd5 Rf8 39. Nxc4 Bxc4 40. Nb6+ Kc6 41. Nxc4 Re8 42. Nd2 c4 43. Nxc4 Re4 44. Na5+ Kd7 45. Nb3 Kc6 46. a5 Ra4 47. Ke2 g5 48. h5 f4 49. Nc5 Ra2+ 50. Kf3 f5 51. Nd3 Ra3 52. Ke2 Ra2+ 53. Kd1 Kd7 54. Ne5+ Kc8 55. Bb6 Ra1+ 56. Kc2 Ra2+ 57. Kc3 1-0

[Event "Singher-Montmarquette I"]
[Site "Montreal CAN"]
[Date "2004.02.28"]
[Round "8"]
[White "Bolduc, Steve"]
[Black "Dumouchel, Alain"]
[Result "1-0"]
[WhiteElo "2293"]
[BlackElo "2146"]
[PlyCount "61"]
[GameId "2160767911191995"]
[EventDate "2004.02.14"]
[EventType "tourn"]
[EventRounds "9"]
[EventCountry "CAN"]

1. d4 d5 2. c4 e6 3. Nc3 Nf6 4. Bg5 Be7 5. Nf3 O-O 6. e3 Nbd7 7. Qc2 c6 8. a3 Re8 9. Bf4 Nf8 10. Bd3 Ng6 11. Bg3 Bd6 12. O-O Bxg3 13. hxg3 dxc4 14. Bxc4 e5 15. Ng5 Nd5 16. Nxf7 Kxf7 17. e4 exd4 18. Ne2 d3 19. Qxd3 Ne5 20. Qc2 Nxc4 21. Qxc4 Be6 22. exd5 Bxd5 23. Qg4 Re4 24. Nf4 Kg8 25. Rae1 Rxe1 26. Rxe1 Bf7 27. Rd1 Qf6 28. Qd7 Qxb2 29. Qe7 Re8 30. Rd8 Qb1+ 31. Kh2 1-0

[Event "Singher-Montmarquette II"]
[Site "Montreal CAN"]
[Date "2004.06.12"]
[Round "1"]
[White "Bolduc, Steve"]
[Black "Singher, Jean-Pierre"]
[Result "1-0"]
[WhiteElo "2259"]
[BlackElo "2047"]
[PlyCount "60"]
[GameId "2160767911096237"]
[EventDate "2004.06.12"]
[EventType "tourn"]
[EventRounds "9"]
[EventCountry "CAN"]
[SourceTitle "EXT 2006"]
[Source "ChessBase"]
[SourceDate "2005.11.24"]
[SourceVersion "1"]
[SourceVersionDate "2005.11.24"]
[SourceQuality "1"]

1. d4 Nf6 2. c4 e6 3. Nc3 d5 4. Nf3 Be7 5. Bg5 Nbd7 6. e3 O-O 7. Rc1 a6 8. c5 c6 9. Bd3 e5 10. dxe5 Ng4 11. Bf4 Nxc5 12. Bb1 Ne6 13. h3 Nxf4 14. hxg4 Nxg2+ 15. Kf1 Nh4 16. Nxh4 Bxh4 17. f4 h6 18. Qc2 f5 19. exf6 Qxf6 20. Nxd5 cxd5 21. Qh7+ Kf7 22. Rc7+ Ke6 23. Rxg7 Rf7 24. Rxf7 Qxf7 25. Qxh6+ Bf6 26. g5 Ke7 27. gxf6+ Qxf6 28. Qh7+ Qf7 29. Qh8 Kd6 30. Qe5+ Kc5 1-0

[Event "Singher-Montmarquette II"]
[Site "Montreal CAN"]
[Date "2004.06.12"]
[Round "1"]
[White "McDonough, Jonathan"]
[Black "Masse, Hugues"]
[Result "1/2-1/2"]
[WhiteElo "2184"]
[BlackElo "2134"]
[PlyCount "36"]
[GameId "2160767911096239"]
[EventDate "2004.06.12"]
[EventType "tourn"]
[EventRounds "9"]
[EventCountry "CAN"]
[SourceTitle "EXT 2006"]
[Source "ChessBase"]
[SourceDate "2005.11.24"]
[SourceVersion "1"]
[SourceVersionDate "2005.11.24"]
[SourceQuality "1"]

1. d4 Nf6 2. c4 g6 3. Nc3 d5 4. cxd5 Nxd5 5. e4 Nxc3 6. bxc3 Bg7 7. Bc4 c5 8. Ne2 cxd4 9. cxd4 Qa5+ 10. Kf1 Nc6 11. Be3 O-O 12. Rc1 Qa3 13. Qd2 Rd8 14. h4 Nxd4 15. Nxd4 Bxd4 16. h5 Bg4 17. hxg6 hxg6 18. Bxd4 Rxd4 1/2-1/2

[Event "Singher-Montmarquette II"]
[Site "Montreal CAN"]
[Date "2004.06.12"]
[Round "1"]
[White "Rousseau, Daniel"]
[Black "Singher, Jean-Pierre"]
[Result "0-1"]
[WhiteElo "2109"]
[BlackElo "2047"]
[PlyCount "62"]
[GameId "2160767911096240"]
[EventDate "2004.06.12"]
[EventType "tourn"]
[EventRounds "9"]
[EventCountry "CAN"]
[SourceTitle "EXT 2006"]
[Source "ChessBase"]
[SourceDate "2005.11.24"]
[SourceVersion "1"]
[SourceVersionDate "2005.11.24"]
[SourceQuality "1"]

1. e4 c5 2. Nf3 d6 3. d4 cxd4 4. Nxd4 Nf6 5. Nc3 a6 6. Bg5 e6 7. f4 Bd7 8. Qd2 Nc6 9. Nf3 Qa5 10. O-O-O Rc8 11. e5 Nb4 12. Qd4 Nfd5 13. Bc4 Nxc2 14. Kxc2 Rxc4 15. Qxc4 Ne3+ 16. Kd3 Nxc4 17. Kxc4 b5+ 18. Kd3 b4 19. Ne4 d5 20. Ned2 Qxa2 21. Nd4 Bc5 22. N4b3 Qxb2 23. Ke2 Bb5+ 24. Ke1 Qc3 25. Rc1 Qe3+ 26. Kd1 Be2+ 27. Kc2 O-O 28. Rhe1 Bd4 29. Kb1 Bc3 30. Rc2 Bxd2 31. Nxd2 b3 0-1

[Event "Singher-Montmarquette II"]
[Site "Montreal CAN"]
[Date "2004.06.12"]
[Round "1"]
[White "Tremblay, Alain"]
[Black "Bolduc, Steve"]
[Result "1-0"]
[WhiteElo "2248"]
[BlackElo "2127"]
[PlyCount "81"]
[GameId "2160767911096241"]
[EventDate "2004.06.12"]
[EventType "tourn"]
[EventRounds "9"]
[EventCountry "CAN"]
[SourceTitle "EXT 2022"]
[Source "ChessBase"]
[SourceDate "2021.10.06"]
[SourceVersion "1"]
[SourceVersionDate "2021.10.06"]
[SourceQuality "1"]

1. c4 b6 2. e4 Bb7 3. Nc3 e6 4. a3 c5 5. Nf3 Nc6 6. d4 cxd4 7. Nxd4 Nxd4 8. Qxd4 Nf6 9. b4 a5 10. Rb1 axb4 11. axb4 d6 12. Be2 Be7 13. O-O O-O 14. f3 d5 15. cxd5 exd5 16. e5 Nd7 17. Rd1 Nxe5 18. Qxe5 Bf6 19. Qe3 Re8 20. Ne4 dxe4 21. Rxd8 Raxd8 22. Bb5 exf3 23. Bxe8 Rd1+ 24. Kf2 fxg2 25. Bxf7+ Kxf7 26. Qb3+ Rd5 27. Be3 Kf8 28. Bxb6 Rf5+ 29. Kg1 g6 30. Qc4 Bd5 31. Qc7 Be5 32. Bc5+ Kg8 33. Qd8+ Kg7 34. Qe7+ Kh6 35. Be3+ g5 36. b5 Kg6 37. b6 Be4 38. Qe6+ Kh5 39. Qxf5 Bxf5 40. Rb5 Bf4 41. Bxf4 1-0

[Event "Singher-Montmarquette II"]
[Site "Montreal CAN"]
[Date "2004.06.19"]
[Round "2"]
[White "Bolduc, Steve"]
[Black "McDonough, Jonathan"]
[Result "1-0"]
[WhiteElo "2259"]
[BlackElo "2184"]
[PlyCount "71"]
[GameId "2160767911096242"]
[EventDate "2004.06.12"]
[EventType "tourn"]
[EventRounds "9"]
[EventCountry "CAN"]
[SourceTitle "EXT 2006"]
[Source "ChessBase"]
[SourceDate "2005.11.24"]
[SourceVersion "1"]
[SourceVersionDate "2005.11.24"]
[SourceQuality "1"]

1. d4 e6 2. c4 d5 3. Nf3 Nf6 4. e3 Be7 5. Nbd2 O-O 6. Bd3 c5 7. dxc5 Bxc5 8. a3 a5 9. Qc2 dxc4 10. Nxc4 Nc6 11. O-O Qe7 12. Bd2 e5 13. Bc3 Bd6 14. Nxd6 Qxd6 15. h3 Re8 16. Ng5 h6 17. Ne4 Nxe4 18. Bxe4 Be6 19. Qa4 f5 20. Bf3 e4 21. Be2 Ne5 22. Bb5 Rf8 23. Rad1 Nd3 24. Rd2 Qc7 25. Bxd3 exd3 26. Rxd3 f4 27. exf4 Rxf4 28. Rd4 Rxd4 29. Qxd4 Rd8 30. Qa7 Rd5 31. Re1 Bd7 32. h4 Bc6 33. Qa8+ Kh7 34. Qf8 Qd7 35. Bxg7 h5 36. Bc3 1-0

[Event "Singher-Montmarquette II"]
[Site "Montreal CAN"]
[Date "2004.06.19"]
[Round "2"]
[White "Gravel, Simon M"]
[Black "Rousseau, Daniel"]
[Result "1-0"]
[WhiteElo "2268"]
[BlackElo "2067"]
[PlyCount "134"]
[GameId "2160767911096243"]
[EventDate "2004.06.12"]
[EventType "tourn"]
[EventRounds "9"]
[EventCountry "CAN"]
[SourceTitle "EXT 2022"]
[Source "ChessBase"]
[SourceDate "2021.10.06"]
[SourceVersion "1"]
[SourceVersionDate "2021.10.06"]
[SourceQuality "1"]

1. c4 Nf6 2. Nc3 c5 3. Nf3 g6 4. d4 cxd4 5. Nxd4 Bg7 6. g3 Qc7 7. Qd3 O-O 8. Bg2 d6 9. O-O a6 10. b3 Nbd7 11. Bb2 Nc5 12. Qd2 Bd7 13. Rac1 Rac8 14. e4 Qb8 15. Rfe1 e6 16. h3 b5 17. b4 Na4 18. Nxa4 bxa4 19. a3 e5 20. Nf3 Bc6 21. Nh2 Qb7 22. Qd3 Nh5 23. Bf3 f5 24. Bxh5 gxh5 25. exf5 e4 26. Qd2 Rxf5 27. Bxg7 Qxg7 28. Qxd6 Rf6 29. Qd4 Rcf8 30. b5 Ba8 31. Rc2 Qc7 32. bxa6 Rd8 33. Qb2 Rxa6 34. Qb5 Rg6 35. c5 Bc6 36. Qc4+ Kf8 37. Nf1 h4 38. Kh2 Rf6 39. Re3 Qe5 40. Qc3 Qf5 41. Qe1 Rd3 42. gxh4 Qf4+ 43. Ng3 Qxh4 44. Rc3 Rf3 45. Rxf3+ Rxf3 46. Rxf3+ exf3 47. Qe6 Qd4 48. Qd6+ Qxd6 49. cxd6 Kf7 50. Nf5 Bd7 51. Nd4 Kf6 52. Nxf3 h6 53. Kg3 Ke6 54. Nh2 Kxd6 55. Ng4 Kc5 56. h4 Be8 57. Nxh6 Kc4 58. Nf5 Kb3 59. Nd6 Bg6 60. Kg4 Kxa3 61. Kg5 Bd3 62. f4 Kb2 63. f5 a3 64. f6 a2 65. f7 a1=Q 66. f8=Q Qg1+ 67. Kh6 Qg6# 1-0

[Event "Singher-Montmarquette II"]
[Site "Montreal CAN"]
[Date "2004.06.19"]
[Round "2"]
[White "Masse, Hugues"]
[Black "Dumouchel, Alain"]
[Result "1-0"]
[WhiteElo "2134"]
[BlackElo "2074"]
[PlyCount "83"]
[GameId "2160767911096244"]
[EventDate "2004.06.12"]
[EventType "tourn"]
[EventRounds "9"]
[EventCountry "CAN"]
[SourceTitle "EXT 2006"]
[Source "ChessBase"]
[SourceDate "2005.11.24"]
[SourceVersion "1"]
[SourceVersionDate "2005.11.24"]
[SourceQuality "1"]

1. d4 d5 2. c4 e6 3. Nc3 Nf6 4. cxd5 exd5 5. Bg5 Be7 6. e3 O-O 7. Bd3 Nbd7 8. Nge2 c6 9. Qc2 Re8 10. O-O Ne4 11. Bxe7 Qxe7 12. Bxe4 dxe4 13. Ng3 Nf6 14. a3 h5 15. Rfd1 h4 16. Nf1 Bg4 17. Re1 h3 18. g3 Qe6 19. Nd2 Qf5 20. f4 Re6 21. b4 Rae8 22. Rac1 Nh5 23. Nf1 g5 24. Ne2 b6 25. fxg5 Qxg5 26. Nf4 Rf6 27. Qa4 Bd7 28. Qxa7 Bc8 29. Qxb6 Qg4 30. Qc5 Rxf4 31. exf4 Nxf4 32. Qc2 e3 33. Nxe3 Rxe3 34. Rxe3 Bf5 35. Qd1 Qg6 36. Qf3 Nd5 37. Re8+ Kg7 38. Re5 Bg4 39. Qf2 Nf6 40. Qf4 Qd3 41. Rg5+ Kf8 42. Qd6+ 1-0

[Event "Singher-Montmarquette II"]
[Site "Montreal CAN"]
[Date "2004.07.10"]
[Round "3"]
[White "Dumouchel, Alain"]
[Black "Bolduc, Steve"]
[Result "1/2-1/2"]
[WhiteElo "2074"]
[BlackElo "2248"]
[PlyCount "75"]
[GameId "2160767911096246"]
[EventDate "2004.06.12"]
[EventType "tourn"]
[EventRounds "9"]
[EventCountry "CAN"]
[SourceTitle "EXT 2022"]
[Source "ChessBase"]
[SourceDate "2021.10.06"]
[SourceVersion "1"]
[SourceVersionDate "2021.10.06"]
[SourceQuality "1"]

1. e4 c5 2. Nf3 Nc6 3. d4 cxd4 4. Nxd4 g6 5. Be3 Nf6 6. Nc3 Bg7 7. Nxc6 bxc6 8. e5 Nd5 9. Nxd5 cxd5 10. Qxd5 Rb8 11. Bd4 O-O 12. O-O-O Bb7 13. Qc5 Rc8 14. Qxa7 Qc7 15. Bd3 Ra8 16. Qc5 Qxc5 17. Bxc5 Rxa2 18. Bxe7 Rfa8 19. Ba3 Bxe5 20. Rhe1 Bc3 21. bxc3 R2xa3 22. f3 Rxc3 23. Kd2 Rc5 24. Rb1 Bc6 25. Rb2 Kg7 26. Reb1 h5 27. Rb8 Rxb8 28. Rxb8 h4 29. h3 Kf6 30. Ke3 Re5+ 31. Kf2 Ra5 32. Rh8 Ra4 33. Ke3 Kg7 34. Re8 Kf6 35. Rh8 Kg5 36. Rh7 f5 37. Rg7 Kf6 38. Rh7 1/2-1/2

[Event "Singher-Montmarquette II"]
[Site "Montreal CAN"]
[Date "2004.07.10"]
[Round "3"]
[White "McDonough, Jonathan"]
[Black "Laframboise, Marc-Andre"]
[Result "1/2-1/2"]
[WhiteElo "2184"]
[BlackElo "2094"]
[PlyCount "70"]
[GameId "2160767911096247"]
[EventDate "2004.06.12"]
[EventType "tourn"]
[EventRounds "9"]
[EventCountry "CAN"]
[SourceTitle "EXT 2006"]
[Source "ChessBase"]
[SourceDate "2005.11.24"]
[SourceVersion "1"]
[SourceVersionDate "2005.11.24"]
[SourceQuality "1"]

1. d4 d5 2. c4 c6 3. Nf3 Nf6 4. Nc3 e6 5. g3 dxc4 6. Bg2 Nbd7 7. O-O Bb4 8. Qc2 b5 9. a4 Qb6 10. axb5 cxb5 11. Ne5 Bb7 12. Nxd7 Nxd7 13. e4 O-O 14. Be3 a5 15. f4 Rfd8 16. Rae1 Rac8 17. f5 e5 18. dxe5 Bc5 19. Bxc5 Qxc5+ 20. Kh1 Nxe5 21. f6 g6 22. Nd5 Bxd5 23. exd5 Nd3 24. Re7 Re8 25. Qd2 Rxe7 26. fxe7 b4 27. b3 Qxe7 28. bxc4 Ne5 29. d6 Qd7 30. Qd4 Nxc4 31. Bd5 Nxd6 32. Bxf7+ Qxf7 33. Rxf7 Nxf7 34. Qb6 Rc1+ 35. Kg2 Rc2+ 1/2-1/2

[Event "Singher-Montmarquette II"]
[Site "Montreal CAN"]
[Date "2004.07.10"]
[Round "3"]
[White "Rousseau, Daniel"]
[Black "Masse, Hugues"]
[Result "1-0"]
[WhiteElo "2067"]
[BlackElo "2224"]
[PlyCount "99"]
[GameId "2160767911096248"]
[EventDate "2004.06.12"]
[EventType "tourn"]
[EventRounds "9"]
[EventCountry "CAN"]
[SourceTitle "EXT 2022"]
[Source "ChessBase"]
[SourceDate "2021.10.06"]
[SourceVersion "1"]
[SourceVersionDate "2021.10.06"]
[SourceQuality "1"]

1. e4 e5 2. Nf3 Nc6 3. Bb5 a6 4. Ba4 Nf6 5. O-O b5 6. Bb3 Bb7 7. Re1 Bc5 8. c3 d6 9. d4 Bb6 10. a4 h6 11. axb5 axb5 12. Rxa8 Qxa8 13. Na3 O-O 14. Bc2 exd4 15. cxd4 Nb4 16. d5 Nxc2 17. Qxc2 c6 18. h3 cxd5 19. Nxb5 dxe4 20. Nh4 Qa5 21. Nc3 g5 22. b4 Qe5 23. Na4 Ba7 24. Qc7 Qd5 25. Nc3 Qc6 26. Qxc6 Bxc6 27. Nf5 Kh7 28. Nxd6 Bd4 29. Bd2 Rd8 30. Nc4 Ba8 31. Rc1 Bd5 32. Nxd5 Rxd5 33. Rb1 Nd7 34. Be3 Bxe3 35. fxe3 Kg6 36. b5 Rc5 37. Rb4 Rc7 38. Nd6 Nb6 39. Rxe4 Rc2 40. Re7 Nd5 41. Re5 Nb6 42. e4 Rd2 43. Nf5 Rb2 44. Rc5 Kh7 45. Nd6 Nd7 46. Rc7 Ne5 47. Re7 Rd2 48. Nf5 Ng6 49. Rxf7+ Kh8 50. b6 1-0

[Event "Singher-Montmarquette II"]
[Site "Montreal CAN"]
[Date "2004.07.10"]
[Round "3"]
[White "Singher, Jean-Pierre"]
[Black "Dumouchel, Alain"]
[Result "0-1"]
[WhiteElo "2047"]
[BlackElo "2074"]
[PlyCount "60"]
[GameId "2160767911096249"]
[EventDate "2004.06.12"]
[EventType "tourn"]
[EventRounds "9"]
[EventCountry "CAN"]
[SourceTitle "EXT 2006"]
[Source "ChessBase"]
[SourceDate "2005.11.24"]
[SourceVersion "1"]
[SourceVersionDate "2005.11.24"]
[SourceQuality "1"]

1. d4 d5 2. c4 e6 3. Nf3 Nf6 4. Nc3 Nbd7 5. g3 c6 6. Bg2 Bd6 7. O-O O-O 8. b3 b6 9. Bb2 Bb7 10. cxd5 exd5 11. Nh4 Re8 12. Qd2 Bb4 13. f3 Ba6 14. Rf2 Rc8 15. a3 Bf8 16. e4 dxe4 17. fxe4 c5 18. Nd5 Nxd5 19. exd5 Nf6 20. h3 Ne4 21. Bxe4 Rxe4 22. Re1 Qxd5 23. Rxe4 Qxe4 24. Qf4 Qxf4 25. Rxf4 cxd4 26. Bxd4 Bd6 27. Rg4 Rc1+ 28. Kf2 g6 29. a4 f5 30. Rg5 Be7 0-1

[Event "Singher-Montmarquette II"]
[Site "Montreal CAN"]
[Date "2004.08.11"]
[Round "4"]
[White "Bolduc, Steve"]
[Black "Rousseau, Daniel"]
[Result "1/2-1/2"]
[WhiteElo "2248"]
[BlackElo "2067"]
[PlyCount "71"]
[GameId "2160767911096250"]
[EventDate "2004.06.12"]
[EventType "tourn"]
[EventRounds "9"]
[EventCountry "CAN"]
[SourceTitle "EXT 2022"]
[Source "ChessBase"]
[SourceDate "2021.10.06"]
[SourceVersion "1"]
[SourceVersionDate "2021.10.06"]
[SourceQuality "1"]

1. d4 Nf6 2. c4 g6 3. Nc3 Bg7 4. e4 d6 5. Nf3 O-O 6. Be2 e5 7. d5 a5 8. Bg5 h6 9. Bh4 Na6 10. Nd2 Qe8 11. O-O Nh7 12. Rc1 h5 13. f3 Bh6 14. Bf2 Qe7 15. Rb1 Qg5 16. Be1 Nc5 17. Nb3 Nxb3 18. Qxb3 f5 19. c5 h4 20. cxd6 cxd6 21. Qb6 h3 22. g3 Qe7 23. Bf2 Nf6 24. exf5 Bxf5 25. Rbe1 Nd7 26. Qb3 Kh8 27. g4 Qg5 28. Kh1 Nc5 29. Qd1 b6 30. Rg1 Bd7 31. Bf1 Qd2 32. Bxc5 bxc5 33. Rg3 Qxb2 34. Qd3 Bf4 35. Qxg6 Bxg3 36. Qh6+ 1/2-1/2

[Event "Singher-Montmarquette II"]
[Site "Montreal CAN"]
[Date "2004.08.11"]
[Round "4"]
[White "Laframboise, Marc-Andre"]
[Black "Dumouchel, Alain"]
[Result "1-0"]
[WhiteElo "2094"]
[BlackElo "2074"]
[PlyCount "61"]
[GameId "2160767911096251"]
[EventDate "2004.06.12"]
[EventType "tourn"]
[EventRounds "9"]
[EventCountry "CAN"]
[SourceTitle "EXT 2006"]
[Source "ChessBase"]
[SourceDate "2005.11.24"]
[SourceVersion "1"]
[SourceVersionDate "2005.11.24"]
[SourceQuality "1"]

1. d4 d5 2. c4 e6 3. Nc3 Nf6 4. cxd5 exd5 5. Bg5 Be7 6. Qc2 O-O 7. e3 Nbd7 8. Bd3 Re8 9. Nge2 c6 10. O-O-O Nf8 11. h3 b5 12. Kb1 Ne4 13. Bxe7 Qxe7 14. Bxe4 dxe4 15. g4 Nd7 16. Ng3 Nf6 17. g5 Nd5 18. Ncxe4 Nb4 19. Qc5 Be6 20. a3 Ba2+ 21. Ka1 Bd5 22. Qxb4 Qxb4 23. axb4 Rxe4 24. Nxe4 Bxe4 25. b3 a5 26. bxa5 Rxa5+ 27. Kb2 Bxh1 28. Rxh1 f5 29. gxf6 gxf6 30. Ra1 Rxa1 31. Kxa1 1-0

[Event "Singher-Montmarquette II"]
[Site "Montreal CAN"]
[Date "2004.08.16"]
[Round "5"]
[White "Gravel, Simon M"]
[Black "Bolduc, Steve"]
[Result "1/2-1/2"]
[WhiteElo "2268"]
[BlackElo "2248"]
[PlyCount "86"]
[GameId "2160767911096252"]
[EventDate "2004.06.12"]
[EventType "tourn"]
[EventRounds "9"]
[EventCountry "CAN"]
[SourceTitle "EXT 2022"]
[Source "ChessBase"]
[SourceDate "2021.10.06"]
[SourceVersion "1"]
[SourceVersionDate "2021.10.06"]
[SourceQuality "1"]

1. e4 c5 2. Nf3 Nc6 3. d4 cxd4 4. Nxd4 g6 5. Nb3 Nf6 6. Nc3 Bg7 7. Be2 O-O 8. O-O b6 9. Bg5 Bb7 10. Re1 Rc8 11. Bf1 Ne5 12. Nd5 Re8 13. Nxf6+ exf6 14. Bh4 d5 15. exd5 Qxd5 16. Qxd5 Bxd5 17. Rad1 Bf3 18. Rd2 Bc6 19. f4 g5 20. Ba6 Rc7 21. fxe5 gxh4 22. Nd4 Rxe5 23. Red1 Bh6 24. Nxc6 Bxd2 25. Nxe5 Be3+ 26. Kf1 fxe5 27. Rd8+ Kg7 28. Bd3 Bf4 29. h3 Bg3 30. Ke2 Re7 31. Be4 f6 32. Kf3 h5 33. Bf5 Rc7 34. Rd7+ Rxd7 35. Bxd7 Kf7 36. Ke4 Ke7 37. Bb5 Kd6 38. Be2 a5 39. Bxh5 Bf4 40. Be2 Bc1 41. b3 a4 42. Bd3 Kc5 43. Kf3 Kd4 1/2-1/2

[Event "Singher-Montmarquette II"]
[Site "Montreal CAN"]
[Date "2004.08.16"]
[Round "5"]
[White "Laframboise, Marc-Andre"]
[Black "Bolduc, Steve"]
[Result "1/2-1/2"]
[WhiteElo "2338"]
[BlackElo "2248"]
[PlyCount "59"]
[GameId "2160767911096253"]
[EventDate "2004.06.12"]
[EventType "tourn"]
[EventRounds "9"]
[EventCountry "CAN"]
[SourceTitle "EXT 2022"]
[Source "ChessBase"]
[SourceDate "2021.10.06"]
[SourceVersion "1"]
[SourceVersionDate "2021.10.06"]
[SourceQuality "1"]

1. d4 Nf6 2. c4 e6 3. Nc3 Bb4 4. e3 c5 5. Nge2 b6 6. a3 cxd4 7. exd4 Be7 8. d5 d6 9. g3 e5 10. Bg2 O-O 11. O-O Nbd7 12. h3 Ne8 13. f4 f6 14. f5 Nc7 15. b4 Ba6 16. Qb3 Kh8 17. a4 Qc8 18. Be3 Ne8 19. Nb5 Bb7 20. a5 a6 21. Nbc3 bxa5 22. Rxa5 Bd8 23. Raa1 Bb6 24. Na4 Bxe3+ 25. Qxe3 Qxc4 26. Rfc1 Qb5 27. Nec3 Qc4 28. Ne2 Qb5 29. Nec3 Qc4 30. Ne2 1/2-1/2

[Event "Singher-Montmarquette II"]
[Site "Montreal CAN"]
[Date "2004.08.16"]
[Round "5"]
[White "Rousseau, Daniel"]
[Black "Laframboise, Marc-Andre"]
[Result "0-1"]
[WhiteElo "2067"]
[BlackElo "2238"]
[PlyCount "72"]
[GameId "2160767911096254"]
[EventDate "2004.06.12"]
[EventType "tourn"]
[EventRounds "9"]
[EventCountry "CAN"]
[SourceTitle "EXT 2022"]
[Source "ChessBase"]
[SourceDate "2021.10.06"]
[SourceVersion "1"]
[SourceVersionDate "2021.10.06"]
[SourceQuality "1"]

1. e4 c5 2. Nf3 d6 3. d4 cxd4 4. Nxd4 Nf6 5. Nc3 a6 6. Bg5 e6 7. f4 Be7 8. Qf3 Qc7 9. O-O-O Nbd7 10. g4 b5 11. Bxf6 Nxf6 12. g5 Nd7 13. f5 Nc5 14. f6 gxf6 15. gxf6 Bf8 16. Rg1 h5 17. Rg7 b4 18. Nd5 exd5 19. exd5 Nd7 20. Ne6 Qa5 21. Kb1 Ne5 22. Qe4 Bb7 23. Bh3 Bxg7 24. fxg7 Rg8 25. Qf5 Ke7 26. Rf1 Bxd5 27. Qf6+ Ke8 28. b3 Bxe6 29. Bxe6 Qc7 30. Bd5 Qe7 31. Qh6 Kd7 32. Qxh5 Rab8 33. Qh7 Qg5 34. Qe4 Rxg7 35. Qd4 Qd8 36. Re1 Qb6 0-1